000 00314nam a22001337a 4500
008 170711b xxu||||| |||| 00| 0 eng d
020 _a9781840653076
041 _aeng
080 _a030
100 _a23
101 _aENC
245 _aTHE ILLUSTRATED ENCYCLOPEDIA OF THE CIVIL WAR
_cDAVIS,W.C
942 _2udc
_cBK
999 _c20216
_d20216